{"text_format":"3","workbook":"xlsx","n_sheets":1,"sheets":["t453"],"read":"whole","date_system":"1900"}

{"sheet":"t453","index":0,"n_rows":166,"n_cols":7,"rows_kept":166,"merged":[[0,0,0,6],[30,0,30,5],[45,0,45,5],[134,0,134,5]]}
["TABELA 453.1 - Estatísticas Agrícolas, Município de Pradópolis, Estado de São Paulo, 2007/08."]
["ITEM","UNIDADE","N.DE UPAs","MÍNIMO","MÉDIO","MÁXIMO","TOTAL"]
["Distância à sede do município","km",308,0.1,{"v":4.44,"d":"4.4"},{"v":12,"d":"12.0"},"-"]
["Área total","hectare",308,1.2,{"v":67.01,"d":"67.0"},{"v":5930.2,"d":"5,930.2"},{"v":20640.4,"d":"20,640.4"}]
["Área com cultura perene","hectare",37,0.1,{"v":1.04,"d":"1.0"},3.4,38.4]
["Área com cultura temporária","hectare",240,0.1,{"v":62.37,"d":"62.4"},{"v":5356,"d":"5,356.0"},{"v":14968.2,"d":"14,968.2"}]
["Área com pastagem","hectare",167,0.1,{"v":5.18,"d":"5.2"},11.4,864.7]
["Área com reflorestamento","hectare",104,0.2,{"v":5.33,"d":"5.3"},110.4,554.6]
["Área com vegetação natural","hectare",36,0.1,{"v":75.42,"d":"75.4"},{"v":850,"d":"850.0"},{"v":2715.1,"d":"2,715.1"}]
["Área com vegetação de brejo e várzea","hectare",19,0.1,{"v":11.17,"d":"11.2"},{"v":121,"d":"121.0"},212.3]
["Área em descanso","hectare",43,0.4,{"v":4.84,"d":"4.8"},11.4,208.1]
["Área complementar","hectare",256,0.1,{"v":4.21,"d":"4.2"},702.6,{"v":1079,"d":"1,079.0"}]
["Área das UPAs com (0, 1] ha","hectare","-","-","-","-","-"]
["Área das UPAs com (1, 2] ha","hectare",8,1.2,{"v":1.31,"d":"1.3"},{"v":2,"d":"2.0"},10.5]
["Área das UPAs com (2, 5] ha","hectare",12,2.4,{"v":3.08,"d":"3.1"},4.8,{"v":37,"d":"37.0"}]
["Área das UPAs com (5, 10] ha","hectare",17,{"v":6,"d":"6.0"},{"v":7.36,"d":"7.4"},{"v":10,"d":"10.0"},125.1]
["Área das UPAs com (10, 20] ha","hectare",230,10.3,{"v":11.74,"d":"11.7"},18.7,{"v":2699.4,"d":"2,699.4"}]
["Área das UPAs com (20, 50] ha","hectare",19,20.8,{"v":27.67,"d":"27.7"},{"v":45,"d":"45.0"},525.7]
["Área das UPAs com (50, 100] ha","hectare",4,50.8,{"v":67.35,"d":"67.4"},77.4,269.4]
["Área das UPAs com (100, 200] ha","hectare",4,134.7,153.1,175.3,612.4]
["Área das UPAs com (200, 500] ha","hectare",7,208.2,{"v":269.76,"d":"269.8"},481.4,{"v":1888.3,"d":"1,888.3"}]
["Área das UPAs com (500, 1.000] ha","hectare",4,614.6,757.7,{"v":861,"d":"861.0"},{"v":3030.8,"d":"3,030.8"}]
["Área das UPAs com (1.000, 2.000] ha","hectare","-","-","-","-","-"]
["Área das UPAs com (2.000, 5.000] ha","hectare",2,{"v":2606,"d":"2,606.0"},{"v":2755.8,"d":"2,755.8"},{"v":2905.6,"d":"2,905.6"},{"v":5511.6,"d":"5,511.6"}]
["Área das UPAs com (5.000, 10.000] ha","hectare",1,{"v":5930.2,"d":"5,930.2"},{"v":5930.2,"d":"5,930.2"},{"v":5930.2,"d":"5,930.2"},{"v":5930.2,"d":"5,930.2"}]
["Área das UPAs acima de 10.000 ha","hectare","-","-","-","-","-"]
["Familiares do proprietário que trabalham na UPA","unidade",271,{"v":1,"d":"1.0"},{"v":2.07,"d":"2.1"},{"v":10,"d":"10.0"},{"v":560,"d":"560.0"}]
["Trabalhadores permanentes","unidade",19,{"v":1,"d":"1.0"},{"v":23.21,"d":"23.2"},{"v":50,"d":"50.0"},{"v":441,"d":"441.0"}]
["Fonte: Secretaria de Agricultura e Abastecimento, CDRS/IEA, Projeto LUPA."]
[]
["TABELA 453.2 - Explorações Animais, Município de Pradópolis, Estado de São Paulo, 2007/08."]
["ITEM","UNIDADE","N.DE UPAs","MÍNIMO","MÉDIO","MÁXIMO","TOTAL"]
["Asininos E Muares","cabeças",9,{"v":1,"d":"1.0"},{"v":1.56,"d":"1.6"},{"v":2,"d":"2.0"},{"v":14,"d":"14.0"}]
["Avicultura de Corte","cabeças/ano",46,{"v":1,"d":"1.0"},{"v":51.98,"d":"52.0"},{"v":300,"d":"300.0"},{"v":2391,"d":"2,391.0"}]
["Avicultura Ornamental/Decorativa/Exótica","cabeças",2,{"v":6,"d":"6.0"},{"v":43,"d":"43.0"},{"v":80,"d":"80.0"},{"v":86,"d":"86.0"}]
["Bovinocultura de Corte","cabeças",13,{"v":3,"d":"3.0"},{"v":9.69,"d":"9.7"},{"v":20,"d":"20.0"},{"v":126,"d":"126.0"}]
["Bovinocultura Leiteira","cabeças",11,{"v":1,"d":"1.0"},{"v":5.82,"d":"5.8"},{"v":15,"d":"15.0"},{"v":64,"d":"64.0"}]
["Bovinocultura Mista","cabeças",88,{"v":2,"d":"2.0"},{"v":11.16,"d":"11.2"},{"v":40,"d":"40.0"},{"v":982,"d":"982.0"}]
["Caprinocultura","cabeças",2,{"v":2,"d":"2.0"},{"v":21,"d":"21.0"},{"v":40,"d":"40.0"},{"v":42,"d":"42.0"}]
["Equinocultura","cabeças",77,{"v":1,"d":"1.0"},{"v":3.09,"d":"3.1"},{"v":100,"d":"100.0"},{"v":238,"d":"238.0"}]
["Ovinocultura","cabeças",7,{"v":1,"d":"1.0"},{"v":18,"d":"18.0"},{"v":50,"d":"50.0"},{"v":126,"d":"126.0"}]
["Piscicultura","m² tanques",1,{"v":4,"d":"4.0"},{"v":4,"d":"4.0"},{"v":4,"d":"4.0"},{"v":4,"d":"4.0"}]
["Suinocultura","cabeças",25,{"v":1,"d":"1.0"},{"v":13.72,"d":"13.7"},{"v":40,"d":"40.0"},{"v":343,"d":"343.0"}]
["Fonte: Secretaria de Agricultura e Abastecimento, CDRS/IEA, Projeto LUPA."]
[]
["TABELA 453.3 -  Máquinas, Implementos e Benfeitorias, Município de Pradópolis, Estado de São Paulo, 2007/08."]
["ITEM","UNIDADE","N.DE UPAs","MÍNIMO","MÉDIO","MÁXIMO","TOTAL"]
["Arado Comum (Bacia, Aiveca)","Unidade",9,{"v":1,"d":"1.0"},{"v":1,"d":"1.0"},{"v":1,"d":"1.0"},{"v":9,"d":"9.0"}]
["Arado Escarificador","Unidade",2,{"v":1,"d":"1.0"},1.5,{"v":2,"d":"2.0"},{"v":3,"d":"3.0"}]
["Arado Subsolador","Unidade",5,{"v":1,"d":"1.0"},{"v":7,"d":"7.0"},{"v":30,"d":"30.0"},{"v":35,"d":"35.0"}]
["Câmara Fria","Unidade",1,{"v":1,"d":"1.0"},{"v":1,"d":"1.0"},{"v":1,"d":"1.0"},{"v":1,"d":"1.0"}]
["Carregadeira de Cana","Unidade",3,{"v":1,"d":"1.0"},{"v":7.33,"d":"7.3"},{"v":20,"d":"20.0"},{"v":22,"d":"22.0"}]
["Colhedeira Automotriz","Unidade",2,{"v":1,"d":"1.0"},{"v":2,"d":"2.0"},{"v":3,"d":"3.0"},{"v":4,"d":"4.0"}]
["Computador","Unidade",1,{"v":1,"d":"1.0"},{"v":1,"d":"1.0"},{"v":1,"d":"1.0"},{"v":1,"d":"1.0"}]
["Desintegrador, Picador, Triturador","Unidade",25,{"v":1,"d":"1.0"},{"v":1.04,"d":"1.0"},{"v":2,"d":"2.0"},{"v":26,"d":"26.0"}]
["Distribuidor de Calcário","Unidade",2,{"v":1,"d":"1.0"},10.5,{"v":20,"d":"20.0"},{"v":21,"d":"21.0"}]
["Ensiladeira","Unidade",2,{"v":1,"d":"1.0"},{"v":1,"d":"1.0"},{"v":1,"d":"1.0"},{"v":2,"d":"2.0"}]
["Grade Aradora (Tipo Romi)","Unidade",23,{"v":1,"d":"1.0"},{"v":3.13,"d":"3.1"},{"v":40,"d":"40.0"},{"v":72,"d":"72.0"}]
["Grade Niveladora","Unidade",27,{"v":1,"d":"1.0"},{"v":1.41,"d":"1.4"},{"v":10,"d":"10.0"},{"v":38,"d":"38.0"}]
["Implementos para Tração Animal","Unidade",49,{"v":1,"d":"1.0"},{"v":1.53,"d":"1.5"},{"v":10,"d":"10.0"},{"v":75,"d":"75.0"}]
["Microtrator","Unidade",1,{"v":10,"d":"10.0"},{"v":10,"d":"10.0"},{"v":10,"d":"10.0"},{"v":10,"d":"10.0"}]
["Ordenhadeira Mecânica","Unidade",1,{"v":1,"d":"1.0"},{"v":1,"d":"1.0"},{"v":1,"d":"1.0"},{"v":1,"d":"1.0"}]
["Pulverizador Tratorizado","Unidade",2,{"v":2,"d":"2.0"},{"v":3,"d":"3.0"},{"v":4,"d":"4.0"},{"v":6,"d":"6.0"}]
["Semeadeira/Adubadeira para Plantio Convencional","Unidade",2,{"v":1,"d":"1.0"},1.5,{"v":2,"d":"2.0"},{"v":3,"d":"3.0"}]
["Semeadeira/Plantadeira Plantio Direto","Unidade",3,{"v":1,"d":"1.0"},{"v":1,"d":"1.0"},{"v":1,"d":"1.0"},{"v":3,"d":"3.0"}]
["Terraceador","Unidade",2,{"v":1,"d":"1.0"},{"v":1,"d":"1.0"},{"v":1,"d":"1.0"},{"v":2,"d":"2.0"}]
["Trator de Esteiras","Unidade",1,{"v":15,"d":"15.0"},{"v":15,"d":"15.0"},{"v":15,"d":"15.0"},{"v":15,"d":"15.0"}]
["Trator de Pneus","Unidade",42,{"v":1,"d":"1.0"},{"v":2.88,"d":"2.9"},{"v":60,"d":"60.0"},{"v":121,"d":"121.0"}]
["Açude/Represa","Unidade",30,{"v":1,"d":"1.0"},{"v":1,"d":"1.0"},{"v":1,"d":"1.0"},{"v":30,"d":"30.0"}]
["Almoxarifado/Oficina","Unidade",2,{"v":1,"d":"1.0"},1.5,{"v":2,"d":"2.0"},{"v":3,"d":"3.0"}]
["Balança para Veículos","Unidade",2,{"v":1,"d":"1.0"},{"v":1,"d":"1.0"},{"v":1,"d":"1.0"},{"v":2,"d":"2.0"}]
["Barracão para Bicho da Seda/Sirgaria","Unidade",1,{"v":1,"d":"1.0"},{"v":1,"d":"1.0"},{"v":1,"d":"1.0"},{"v":1,"d":"1.0"}]
["Barracão para Granja/Avicultura","Unidade",4,{"v":1,"d":"1.0"},{"v":1,"d":"1.0"},{"v":1,"d":"1.0"},{"v":4,"d":"4.0"}]
["Barracão/Galpão/Garagem","Unidade",19,{"v":1,"d":"1.0"},{"v":1.26,"d":"1.3"},{"v":3,"d":"3.0"},{"v":24,"d":"24.0"}]
["Casa de Moradia Habitada","Unidade",231,{"v":1,"d":"1.0"},{"v":1.16,"d":"1.2"},{"v":5,"d":"5.0"},{"v":269,"d":"269.0"}]
["Casa de Moradia Total","Unidade",179,{"v":1,"d":"1.0"},{"v":1.34,"d":"1.3"},{"v":15,"d":"15.0"},{"v":240,"d":"240.0"}]
["Curral/Mangueira","Unidade",72,{"v":1,"d":"1.0"},{"v":1,"d":"1.0"},{"v":1,"d":"1.0"},{"v":72,"d":"72.0"}]
["Depósito/Tulha","Unidade",81,{"v":1,"d":"1.0"},{"v":1.04,"d":"1.0"},{"v":2,"d":"2.0"},{"v":84,"d":"84.0"}]
["Estábulo","Unidade",4,{"v":1,"d":"1.0"},{"v":1,"d":"1.0"},{"v":1,"d":"1.0"},{"v":4,"d":"4.0"}]
["Estufa/Plasticultura","m²",1,{"v":1,"d":"1.0"},{"v":1,"d":"1.0"},{"v":1,"d":"1.0"},{"v":1,"d":"1.0"}]
["Pocilga","Unidade",11,{"v":1,"d":"1.0"},{"v":1.09,"d":"1.1"},{"v":2,"d":"2.0"},{"v":12,"d":"12.0"}]
["Poço Semi-Artesiano","Unidade",2,{"v":1,"d":"1.0"},{"v":1,"d":"1.0"},{"v":1,"d":"1.0"},{"v":2,"d":"2.0"}]
["Usina de Açúcar/destilaria","Unidade",1,{"v":1,"d":"1.0"},{"v":1,"d":"1.0"},{"v":1,"d":"1.0"},{"v":1,"d":"1.0"}]
["Fonte: Secretaria de Agricultura e Abastecimento, CDRS/IEA, Projeto LUPA."]
[]
["TABELA 453.4 - Outras Estatísticas Agrícolas, Município de Pradópolis, Estado de São Paulo, 2007/08."]
["ITEM","Número de UPAs",null,"Percentual"]
["Faz Parte de Associação de Produtores",55,null,{"v":17.857142857142858,"d":"17.9"}]
["Faz Parte de Cooperativa de Produtores",73,null,{"v":23.7012987012987,"d":"23.7"}]
["Faz Parte do Sindicato de Produtores",63,null,{"v":20.454545454545457,"d":"20.5"}]
["Não utiliza assistência técnica ",72,null,{"v":23.376623376623378,"d":"23.4"}]
["Utiliza somente assistência técnica governamental ",148,null,{"v":48.05194805194805,"d":"48.1"}]
["Utiliza somente assistência técnica privada ",53,null,{"v":17.207792207792206,"d":"17.2"}]
["Utiliza assistência técnica tanto governamental quanto privada",35,null,{"v":11.363636363636365,"d":"11.4"}]
["Utiliza Crédito Rural",152,null,{"v":49.35064935064935,"d":"49.4"}]
["Utiliza Seguro Rural",3,null,{"v":0.9740259740259741,"d":"1.0"}]
["Utiliza Escrituração Agrícola",66,null,{"v":21.42857142857143,"d":"21.4"}]
["Acessa Internet p/ Fins na Agropecuária",20,null,{"v":6.493506493506494,"d":"6.5"}]
["Utiliza Computador nas Atividades Agropecuárias",21,null,{"v":6.818181818181818,"d":"6.8"}]
["Utiliza Energia Elétrica Para Uso na Atividade Agrícola",246,null,{"v":79.87012987012986,"d":"79.9"}]
["Realiza Análise de Solo, quando necessário",219,null,{"v":71.1038961038961,"d":"71.1"}]
["Utiliza Práticas de Conservação de Solo, quando necessário",187,null,{"v":60.71428571428571,"d":"60.7"}]
["Faz Adubação Mineral, quando necessário",252,null,{"v":81.81818181818181,"d":"81.8"}]
["Faz Adubação Orgânica, quando necessário",113,null,{"v":36.688311688311686,"d":"36.7"}]
["Faz Adubação Verde, quando necessário",23,null,{"v":7.467532467532468,"d":"7.5"}]
["Utiliza Manejo Integrado de Pragas (MIP)",11,null,{"v":3.5714285714285716,"d":"3.6"}]
["Utiliza Hidroponia","-",null,"-"]
["Utiliza Plasticultura",2,null,{"v":0.6493506493506493,"d":"0.6"}]
["Utiliza Mudas Fiscalizadas",138,null,{"v":44.8051948051948,"d":"44.8"}]
["Utiliza Semente Melhorada",99,null,{"v":32.14285714285714,"d":"32.1"}]
["Faz Confinamento de Bovinos",3,null,{"v":0.9740259740259741,"d":"1.0"}]
["Utiliza Pastejo Intensivo",55,null,{"v":17.857142857142858,"d":"17.9"}]
["Faz Inseminação Artificial","-",null,"-"]
["Faz Mineralização do Rebanho",83,null,{"v":26.948051948051948,"d":"26.9"}]
["Faz Vermifugação do Rebanho",82,null,{"v":26.623376623376625,"d":"26.6"}]
["Possui Parceiros /Arrendatários na Exploração Animal",6,null,{"v":1.9480519480519483,"d":"1.9"}]
["Esporte e lazer",1,null,{"v":0.3246753246753247,"d":"0.3"}]
["Extração mineral","-",null,"-"]
["Hotel Fazenda, Pousada ou SPA","-",null,"-"]
["Pesque-pague",1,null,{"v":0.3246753246753247,"d":"0.3"}]
["Restaurante ou Lanchonete","-",null,"-"]
["Transformação artesanal","-",null,"-"]
["Turismo rural ou ecoturismo","-",null,"-"]
["Outras atividades econômicas rurais",6,null,{"v":1.9480519480519483,"d":"1.9"}]
["Agroindústria",1,null,{"v":0.3246753246753247,"d":"0.3"}]
["Proprietário sem instrução ou com instrução incompleta",33,null,{"v":10.714285714285715,"d":"10.7"}]
["Proprietário com antigo primário completo",190,null,{"v":61.688311688311686,"d":"61.7"}]
["Proprietário com 1° grau (ou antigo ginasial) completo",46,null,{"v":14.935064935064934,"d":"14.9"}]
["Proprietário com 2° grau (ou antigo colegial) completo",12,null,{"v":3.8961038961038965,"d":"3.9"}]
["Proprietário com curso superior completo ",10,null,{"v":3.246753246753247,"d":"3.2"}]
["Pessoa Jurídica",17,null,{"v":5.51948051948052,"d":"5.5"}]
["Proprietário residente na própria UPA ",217,null,{"v":70.45454545454545,"d":"70.5"}]
["Fonte: Secretaria de Agricultura e Abastecimento, CDRS/IEA, Projeto LUPA."]
[]
["TABELA 453.5 - Área Cultivada, Município de Pradópolis, Estado de São Paulo, 2007/08."]
["CULTURA","N.DE UPAs","MÍNIMO","MÉDIO","MÁXIMO","TOTAL"]
["Cana-de-acucar",146,0.1,100.4,{"v":5356,"d":"5,356.0"},{"v":14657.7,"d":"14,657.7"}]
["Braquiaria",164,0.1,{"v":5.23,"d":"5.2"},11.4,857.9]
["Eucalipto",104,0.2,{"v":5.33,"d":"5.3"},110.4,554.6]
["Milho",103,0.5,2.8,10.9,288.8]
["Mandioca",42,0.1,{"v":1.93,"d":"1.9"},{"v":7,"d":"7.0"},{"v":81,"d":"81.0"}]
["Feijao-de-corda",13,0.5,{"v":1.57,"d":"1.6"},{"v":4,"d":"4.0"},20.4]
["Arroz",13,0.3,{"v":0.84,"d":"0.8"},{"v":2,"d":"2.0"},10.9]
["Laranja",17,0.1,{"v":0.62,"d":"0.6"},{"v":2,"d":"2.0"},10.5]
["Maracuja",13,0.1,{"v":0.79,"d":"0.8"},1.5,10.3]
["Mucuna",3,{"v":1,"d":"1.0"},{"v":3.27,"d":"3.3"},6.3,9.8]
["Cafe",10,0.2,{"v":0.97,"d":"1.0"},{"v":2,"d":"2.0"},9.7]
["Feijao",12,0.5,{"v":0.71,"d":"0.7"},1.2,8.5]
["Feijao-de-lima",9,0.3,{"v":0.94,"d":"0.9"},1.4,8.5]
["Outras culturas temporárias",1,7.2,7.2,7.2,7.2]
["Limao",11,0.1,{"v":0.64,"d":"0.6"},1.8,{"v":7,"d":"7.0"}]
["Manga",12,0.1,0.5,1.2,{"v":6,"d":"6.0"}]
["Capim-napier (ou capim-elefante)",7,0.5,{"v":0.83,"d":"0.8"},1.3,5.8]
["Feijao-vagem (ou vagem, ou feijao-verde)",1,{"v":2,"d":"2.0"},{"v":2,"d":"2.0"},{"v":2,"d":"2.0"},{"v":2,"d":"2.0"}]
["Jilo",2,0.8,0.9,{"v":1,"d":"1.0"},1.8]
["Banana",2,0.5,{"v":0.75,"d":"0.8"},{"v":1,"d":"1.0"},1.5]
["Goiaba",3,0.1,{"v":0.37,"d":"0.4"},0.5,1.1]
["Alface",1,{"v":1,"d":"1.0"},{"v":1,"d":"1.0"},{"v":1,"d":"1.0"},{"v":1,"d":"1.0"}]
["Feijao-adzuki (ou azuki)",1,{"v":1,"d":"1.0"},{"v":1,"d":"1.0"},{"v":1,"d":"1.0"},{"v":1,"d":"1.0"}]
["Gramas",1,{"v":1,"d":"1.0"},{"v":1,"d":"1.0"},{"v":1,"d":"1.0"},{"v":1,"d":"1.0"}]
["Abacate",1,{"v":1,"d":"1.0"},{"v":1,"d":"1.0"},{"v":1,"d":"1.0"},{"v":1,"d":"1.0"}]
["Melancia",1,{"v":1,"d":"1.0"},{"v":1,"d":"1.0"},{"v":1,"d":"1.0"},{"v":1,"d":"1.0"}]
["Pomar domestico",1,0.9,0.9,0.9,0.9]
["Caju",2,0.2,{"v":0.35,"d":"0.4"},0.5,0.7]
["Pepino",1,0.5,0.5,0.5,0.5]
["Fonte: Secretaria de Agricultura e Abastecimento, CDRS/IEA, Projeto LUPA."]